000 00354nam a2200133Ia 4500
008 240624s9999 xx 000 0 und d
041 _aeng
082 _a658 BOY
100 _aBOYETT JOSEPH
245 _aGURU GUIDE THE BEST IDEAS OF THE TOP MAN
260 _c1998
_aCanada
_bJohn Wiley and Sons
300 _axiii, : 385 : p. : cm. ; 23
365 _c
_b30
999 _c16472
_d16472